| 000 | 01021nam a2200277 a 4500 | ||
|---|---|---|---|
| 999 |
_c5682 _d5682 |
||
| 001 | 010155012 | ||
| 003 | UkOxU | ||
| 005 | 20220607122513.0 | ||
| 008 | 880808m19769999sz 000 0 eng d | ||
| 020 | _a9241700726 (v.4) | ||
| 040 | _cALUPE UNIVERSITY | ||
| 050 |
_aRA8 _b.A67 1983 |
||
| 100 | 1 |
_aKleczkowski, B. M. _q(Bogdan M.) |
|
| 245 | 1 | 0 |
_aApproaches to planning and design of health care facilities in developing areas / _cedited by B. M. Kleczkowski & R. Pibouleau |
| 260 |
_aGeneva : _bWorld Health Organization, _cc1983 |
||
| 300 |
_a322p. _bills ; _c28 cm |
||
| 490 | 1 |
_aWHO offset publication ; _v29,37,45,72,91 |
|
| 650 | 0 |
_aHealth facilities _zDeveloping countries _xDesign and construction |
|
| 650 | 0 |
_aHealth facilities _zDeveloping countries _xPlanning |
|
| 650 | 0 |
_aMedical care _zDeveloping countries |
|
| 700 | 1 | _aPibouleau, R. | |
| 710 | 2 | _aWorld Health Organization. | |
| 830 | 0 |
_aWHO offset publication ; _v29,37,45,72,91. |
|
| 942 |
_2lcc _cBK _nAB |
||